US Desserts by Images - Statistics

General Stats
  • This quiz has been taken 54 times
  • The average score is 4 of 16
Answer Stats
Picture Answer % Correct
S'more
96%
Key Lime Pie
80%
Banana split
74%
Funnel Cake
30%
Boston Cream Pie
28%
German chocolate cake
26%
Apple Crisp
22%
Baked Alaska
20%
Whoopie Pies
20%
Blondies
11%
Ambrosia Salad
9%
Mississippi Mud Pie
7%
Texas Sheet Cake
7%
Newtons
4%
Berger Cookies
0%
Sugar Cream Pie
0%
No matching quizzes found
Score Distribution
Percent of People with Each Score
Percentile by Number Answered
Your Score History
You have not taken this quiz